Dret municipal vigent / per Isidre Lloret
Descripción Física:
40 p. ; 19 cm
Colección:
Minerva : Col·lecció popular dels coneixements indispensables
; 15
Materias:
Dret municipal
MARC
| LEADER | 00000nam a2200000Ia 4500 | ||
|---|---|---|---|
| 001 | 1006 | ||
| 008 | 160829s9999 xx 000 0 cat d | ||
| 080 | |a O-1-91 | ||
| 100 | |a Lloret, Isidre |9 24338 | ||
| 245 | |a Dret municipal vigent / per Isidre Lloret | ||
| 260 | |a Barcelona : |b (Bonavía & Duràn), [191 - ?] | ||
| 300 | |a 40 p. ; |c 19 cm | ||
| 490 | |a Minerva : Col·lecció popular dels coneixements indispensables ; |v 15 | ||
| 590 | |a Enquadernada juntament amb 'Higiene de l'alimentació' / per J. Tarruella. | ||
| 590 | |a Hi ha un duplicat solt, DUP-186-21 | ||
| 650 | |a Dret municipal |9 22170 | ||
| 856 | 4 | |u https://media.diba.cat/diba/fitxers/arxiu/Minerva-Coneixements/V15-Dret-municipal-vigent.pdf |y Accés lliure | |
| 856 | |u http://media.diba.cat/diba/fitxers/arxiu/Minerva-Coneixements/V15-Dret-municipal-vigent.pdf |z V15-Dret-municipal-vigent.pdf | ||
| 901 | |a Arxiu | ||
| 942 | |n 1 | ||
| 952 | |0 0 |1 0 |4 0 |6 O191 |7 1 |9 45397 |a Arxiu |b Arxiu |d 2016-12-01 |l 0 |o O-1-91 |p 1006 |r 2016-12-01 00:00:00 |w 2016-12-01 |y ARXIU | ||
| 999 | |c 48497 |d 48497 | ||